MARC details
| 000 -LEADER |
| fixed length control field |
00952nam a2200265Ia 4500 |
| 003 - CONTROL NUMBER IDENTIFIER |
| control field |
IN-BaIIA |
| 008 - FIXED-LENGTH DATA ELEMENTS--GENERAL INFORMATION |
| fixed length control field |
211028s9999 xx 000 0 eng d |
| 020 ## - INTERNATIONAL STANDARD BOOK NUMBER |
| International Standard Book Number |
90-277-0242-X |
| 040 ## - CATALOGING SOURCE |
| Transcribing agency |
IIA Library |
| 080 ## - UNIVERSAL DECIMAL CLASSIFICATION NUMBER |
| Universal Decimal Classification number |
082.2:52 |
| Item number |
IAU-S48 |
| 110 ## - MAIN ENTRY--CORPORATE NAME |
| Corporate name or jurisdiction name as entry element |
International Astronomical Union |
| 111 ## - MAIN ENTRY--MEETING NAME |
| Meeting name or jurisdiction name as entry element |
International Astronomical Union Symposium |
| Number of part/section/meeting |
48th |
| Location of meeting |
Marioka, Japan |
| Date of meeting or treaty signing |
1971 May 9-15 |
| 9 (RLIN) |
7185 |
| 245 #0 - TITLE STATEMENT |
| Title |
Rotation of the earth |
| Remainder of title |
proceedings of the IAU symposium no. 48, held in Morioka, Japan, May 9-15, 1971 |
| Statement of responsibility, etc. |
edited by Paul Melchior and Shigoru Yumi |
| 260 ## - PUBLICATION, DISTRIBUTION, ETC. |
| Place of publication, distribution, etc. |
Dordrecht |
| Name of publisher, distributor, etc. |
D. Reidel Publishing |
| Date of publication, distribution, etc. |
1972 |
| 300 ## - PHYSICAL DESCRIPTION |
| Extent |
xxii, 244p |
| 490 ## - SERIES STATEMENT |
| Series statement |
IAU Symposium; no. 48 |
| 650 ## - SUBJECT ADDED ENTRY--TOPICAL TERM |
| Topical term or geographic name entry element |
Astronomy and Astrophysics Thesaurus |
| 650 ## - SUBJECT ADDED ENTRY--TOPICAL TERM |
| Topical term or geographic name entry element |
Earth |
| 650 ## - SUBJECT ADDED ENTRY--TOPICAL TERM |
| Topical term or geographic name entry element |
Earth Rotation |
| 9 (RLIN) |
3950 |
| 650 ## - SUBJECT ADDED ENTRY--TOPICAL TERM |
| Topical term or geographic name entry element |
Nutation |
| 9 (RLIN) |
7186 |
| 700 ## - ADDED ENTRY--PERSONAL NAME |
| Personal name |
Melchior, Paul., ed. |
| 9 (RLIN) |
3948 |
| 700 ## - ADDED ENTRY--PERSONAL NAME |
| Personal name |
Yumi, Shigoru., ed. |
| 9 (RLIN) |
7187 |
| 710 ## - ADDED ENTRY--CORPORATE NAME |
| Corporate name or jurisdiction name as entry element |
International Astronomical Union |
| 9 (RLIN) |
7188 |
| 942 ## - ADDED ENTRY ELEMENTS (KOHA) |
| Koha item type |
Books |